000 01879nam2a2200397 4500
001 RU\NLR\BIBL_A\011371319
005 20260405105455.0
010 _a978-5-699-93347-1
_93000
021 _aRU
_b2017-20472
_91514
035 _a(RuMoRGB)008834451
035 _a(NLR Aleph) 011371319
090 _a11352903
_c11352903
100 _a20170419d2017 |||y0rusy50 ca
101 0 _arus
102 _aRU
105 _aa z 0 1zy
200 1 _aДеградация тоталитарного государства и движение к новой России (1953-2008)
_f[К.М. Александров, к.ист.н., доц., Н.В. Артемов, протоиерей, С.С. Балмасов и др.]
210 _d2017
_aБ. м.
215 _a687 с., [12] л. цв. ил., карт.
_cил., портр.
300 _aАвт. указаны на 5-й с.
320 _aБиблиогр. в конце глав
320 _aУказ.: с. 652-682
333 _a18+
333 _a18+
461 0 _1001RU\NLR\BIBL_A\011374261
_12001#$aИстория России, XX век$e[сборник]$fпод редакцией А.Б. Зубова$vТ. 3
_911368730
_cМосква
_d2017
_fпод редакцией А.Б. Зубова
_nЭ
_o[сборник]
_tИстория России, XX век
_vТ. 3
701 1 _8rus
_7ca
_aАлександров
_bК. М.
_cканд. ист. наук
_f1972-
_gКирилл Михайлович
_3RU\NLR\AUTH\7740785
_923736
701 1 _aАртемов
_bН.В.
_gНиколай Владимирович
701 1 _aБалмасов
_bС. С.
_f1977-
_gСергей Станиславович
942 _cBOOK
980 _aNB
980 _aIA
980 _aIA
996 _aиноагент
_bp
_cЗубов Андрей Борисович